The Planning (Listed Buildings, Conservation Areas and Hazardous Substances) (Amendment) (England) Regulations 2006 (Record no. 105466)

MARC details
000 -LEADER
fixed length control field 01830cam a2200301 4500
001 - CONTROL NUMBER
control field ##L133744
008 - FIXED-LENGTH DATA ELEMENTS--GENERAL INFORMATION
fixed length control field 060607n2006 000 0 eng u
020 ## - INTERNATIONAL STANDARD BOOK NUMBER
International Standard Book Number 0110745752
035 ## - SYSTEM CONTROL NUMBER
System control number (Sirsi) u133744
041 0# - LANGUAGE CODE
Language code of text/sound track or separate title eng
245 04 - TITLE STATEMENT
Title The Planning (Listed Buildings, Conservation Areas and Hazardous Substances) (Amendment) (England) Regulations 2006
260 ## - PUBLICATION, DISTRIBUTION, ETC.
Place of publication, distribution, etc. London
Name of publisher, distributor, etc. TSO
Date of publication, distribution, etc. 2006
490 #0 - SERIES STATEMENT
Series statement SI
Volume/sequential designation 2006: 1283
520 ## - SUMMARY, ETC.
Summary, etc. Amend the Planning (Hazardous Substances) Act 1990 to prescribe the publicity requirements in respect of urgent applications made directly to the SoS for works to buildings on Crown land which are listed or are in conservation areas. Also amend the Planning (Hazardous Substances) Regulations 1992 to prescribe the form and content of a claim made for deemed hazardous substances consent in relation to hazardous substances present on Crown land and the conditions to which a deemed consent will be subject.
590 ## - LOCAL NOTE (RLIN)
Local note IKA200606
650 24 - SUBJECT ADDED ENTRY--TOPICAL TERM
Topical term or geographic name entry element PLANNING AND COMPULSORY PURCHASE ACT 2004 S83B
650 24 - SUBJECT ADDED ENTRY--TOPICAL TERM
Topical term or geographic name entry element PLANNING (LISTED BUILDINGS AND CONSERVATION AREAS) ACT 1990 S82
650 24 - SUBJECT ADDED ENTRY--TOPICAL TERM
Topical term or geographic name entry element PLANNING AND COMPULSORY PURCHASE ACT 2004 S79
650 24 - SUBJECT ADDED ENTRY--TOPICAL TERM
Topical term or geographic name entry element PLANNING (HAZARDOUS SUBSTANCES) ACT 1990 S30B
650 24 - SUBJECT ADDED ENTRY--TOPICAL TERM
Topical term or geographic name entry element PLANNING AND COMPULSORY PURCHASE ACT 2004 PART VII
650 24 - SUBJECT ADDED ENTRY--TOPICAL TERM
Topical term or geographic name entry element PLANNING (HAZARDOUS SUBSTANCES) REGULATIONS 1992
650 24 - SUBJECT ADDED ENTRY--TOPICAL TERM
Topical term or geographic name entry element PLANNING (LISTED BUILDINGS, CONSERVATION AREAS AND HAZARDOUS SUBSTANCES) (AMENDMENT) (ENGLAND) REGULATIONS 2006
650 24 - SUBJECT ADDED ENTRY--TOPICAL TERM
Topical term or geographic name entry element PLANNING AND COMPULSORY PURCHASE ACT 2004
651 #4 - SUBJECT ADDED ENTRY--GEOGRAPHIC NAME
Geographic name England
Chronological subdivision 886-
690 ## - LOCAL SUBJECT ADDED ENTRY--TOPICAL TERM (OCLC, RLIN)
Topical term or geographic name as entry element ENVIRONMENTAL AND LAND CONSULTANCY-PLANNING AND DEVELOPMENT-DEVELOPMENT CONTROL-PLANNING ENFORCEMENT
856 40 - ELECTRONIC LOCATION AND ACCESS
Uniform Resource Identifier <a href="https://www.opsi.gov.uk/si/si2006/20061283.htm">https://www.opsi.gov.uk/si/si2006/20061283.htm</a>
Public note View the Regulations free of charge at www.opsi.gov.uk...
942 ## - ADDED ENTRY ELEMENTS (KOHA)
Suppress in OPAC 0
Holdings
Withdrawn status Lost status Source of classification or shelving scheme Damaged status Not for loan Home library Current library Shelving location Date acquired Total Checkouts Full call number Barcode Date last seen Copy number Price effective from Koha item type
    Dewey Decimal Classification     Virtual Virtual Online 07/06/2006   ONLINE PUBLICATION 133744-2001 06/08/2019 1 06/08/2019 Book